Etica en las comunicaciones sociales
Uloženo v:
| Korporativní autor: | |
|---|---|
| Médium: | Kniha |
| Jazyk: | španělština |
| Vydáno: |
Santiago
San Pablo
2002
|
| Vydání: | 1a. ed |
| Témata: | |
| Tagy: |
Přidat tag
Žádné tagy, Buďte první, kdo vytvoří štítek k tomuto záznamu!
|
MARC
| LEADER | 00000cam a2200000 a 4500 | ||
|---|---|---|---|
| 001 | UCD4717 | ||
| 003 | CL-VaPUC | ||
| 008 | 160717e20020600cl |||||||||||||||||spa|d | ||
| 020 | |a 9562563049 | ||
| 082 | 0 | 4 | |a 177 |b PON |2 21 |
| 110 | 2 | |a Pontificio Consejo para las Comunicaciones Sociales |e author |9 588440 | |
| 245 | 1 | 0 | |a Etica en las comunicaciones sociales |
| 250 | |a 1a. ed | ||
| 300 | |a 47 p | ||
| 942 | |c BK | ||
| 945 | |d 20160717 19:54:00 |a arojas | ||
| 260 | |a Santiago |b San Pablo |c 2002 | ||
| 650 | 0 | |a Etica social |9 267623 | |
| 650 | 0 | |a Relaciones sociales |9 376480 | |
| 650 | 0 | |a Comunicación |9 257251 | |
| 583 | |a last modification |c 20160717 19:54:00 |k Rodrigo Vera | ||
| 999 | |c 365570 |d 365568 | ||
| 952 | |0 0 |1 0 |3 erb |4 0 |6 177_000000000000000_PON_2002 |7 0 |8 A |9 479453 |a BIBTEO |b BIBTEO |e Villagrán Garnham, Jorge |i 5316766 |o 177 PON 2002 |p 5316766 |r 2025-01-17 |w 2019-11-24 |y BK |z Catalogado en:20160717 |k ICR | ||